000 00971nam a22002897a 4500
001 9790
003 FISKH
005 20260224160735.0
008 260224b cb ||||| |||| 00| 0 eng d
020 _a9780064432108
040 _aFISKH
_beng
_cFISKH
_dFISKH
050 _aPZ7 .K875 .C
082 _a813.54
100 _aKrauss , Ruth
245 _aThe carrot seed /
_cStory by Ruth Krauss : Pictures by Crockett Johnson creator of Harold and the purple crayon
260 _aNew York :
_bHarperCollinsPublishers
_c1945 .
300 _a27 unnumbered pages :
_bcolor illustrations ;
_c20 cm .
505 _aG
520 _aDespite everyone's dire predictions, a little boy has faith in the carrot seed he plants.
521 8 _a400
_bLexile AD
521 8 _aG
_bRaz-Plus
650 _aPlanting
_vChildren's Books
650 _aGarden
_vChildren's Books
700 _aJohnson , Crockett
_eIllustrator
942 _2ddc
_cBK
_n0
999 _c9790
_d9790